[Event "St Petersburg Korchnoi Memorial op"]
[Site "St Petersburg"]
[Date "2018.08.18"]
[Round "4"]
[White "Opanasenko, Mikhail"]
[Black "Tsarkov, Mikhail"]
[Result "1-0"]
[WhiteElo "2197"]
[BlackElo "1528"]
[PlyCount "95"]
[EventDate "2018.08.15"]
[EventType "swiss"]
[EventRounds "9"]
[EventCountry "RUS"]
[SourceTitle "CBM 186 Extra"]
[Source "ChessBase"]
[SourceDate "2018.08.24"]
[SourceVersion "1"]
[SourceVersionDate "2018.08.24"]
[SourceQuality "1"]

1. d4 d5 2. c4 c6 3. Nf3 Nf6 4. e3 Bf5 5. Nc3 e6 6. Nh4 Bg6 7. Nxg6 hxg6 8. Bd2 Bd6 9. h3 Nbd7 10. Be2 0-0 11. c5 Bc7 12. 0-0 e5 13. b4 a6 14. a4 Qe7 15. b5 exd4 16. exd4 Ne4 17. bxc6 bxc6 18. Nxe4 Qxe4 19. Be3 Nf6 20. Rb1 Ba5 21. Rb7 Rfe8 22. Bd3 Qh4 23. Qf3 Rf8 24. Rfb1 Ne4 25. Rd7 Nf6 26. Re7 Ng4 27. Rbb7 Nf6 28. Bf4 Bd8 29. Re2 Ba5 30. Be5 Rfe8 31. g4 Rf8 32. Kg2 Rfe8 33. Bg3 Qg5 34. Bf4 Qh4 35. Rxe8+ Rxe8 36. g5 Ne4 37. Bg3 Qxh3+ 38. Kxh3 Nxg5+ 39. Kg2 Nxf3 40. Kxf3 Bc3 41. Rb8 Rxb8 42. Bxb8 Bxd4 43. Bd6 a5 44. Ba6 f5 45. Bb7 Bc3 46. Bxc6 d4 47. Bd5+ Kh8 48. c6 1-0

[Event "St Petersburg Korchnoi Memorial op"]
[Site "St Petersburg"]
[Date "2018.08.16"]
[Round "2"]
[White "Opanasenko, Mikhail"]
[Black "Burmakin, Vladimir"]
[Result "0-1"]
[WhiteElo "2197"]
[BlackElo "2494"]
[PlyCount "174"]
[EventDate "2018.08.15"]
[EventType "swiss"]
[EventRounds "9"]
[EventCountry "RUS"]
[SourceTitle "CBM 186 Extra"]
[Source "ChessBase"]
[SourceDate "2018.08.24"]
[SourceVersion "1"]
[SourceVersionDate "2018.08.24"]
[SourceQuality "1"]

1. d4 Nf6 2. c4 e6 3. Nc3 d5 4. cxd5 exd5 5. Bg5 c6 6. e3 Be7 7. Bd3 Bg4 8. Qc2 Bh5 9. Nge2 Bg6 10. Bxg6 hxg6 11. Nf4 Na6 12. a3 Qd7 13. b4 Nc7 14. h3 a6 15. Na4 Qf5 16. Qxf5 gxf5 17. Bxf6 Bxf6 18. Kd2 Nb5 19. Nc5 Nd6 20. Ne2 b6 21. Nd3 Nc4+ 22. Kc2 Kd7 23. Nc3 Rhc8 24. Nb2 Nd6 25. Nba4 Rab8 26. Kd3 Nc4 27. Rhb1 Ke6 28. Rb3 Be7 29. Rab1 b5 30. Nc5+ Bxc5 31. dxc5 a5 32. a4 bxa4 33. Nxa4 axb4 34. Rxb4 Rxb4 35. Rxb4 Ra8 36. Nc3 Ne5+ 37. Kd4 Nd7 38. f3 Ra5 39. Na4 Kf6 40. e4 fxe4 41. fxe4 dxe4 42. Nc3 Nxc5 43. Nxe4+ Nxe4 44. Kxe4 Re5+ 45. Kf4 g5+ 46. Kg4 Kg6 47. Rb8 Re4+ 48. Kf3 Rc4 49. g3 Kf5 50. Rf8 f6 51. Rh8 c5 52. Kf2 Rc2+ 53. Kf3 Rc3+ 54. Kf2 c4 55. Rc8 Rc1 56. Kf3 Ke5 57. h4 Rc3+ 58. Kg2 Kf5 59. hxg5 Kxg5 60. Rg8+ Kf5 61. Rc8 Rc1 62. Kf3 Ke5 63. Ke3 Rc2 64. Rc5+ Kd6 65. Rc8 Rc3+ 66. Kf4 Rc1 67. Ke3 Kd5 68. Rf8 Ke5 69. Rc8 Rc3+ 70. Ke2 Kf5 71. Kf2 Rc1 72. Kf3 c3 73. Rc5+ Kg6 74. Kg2 f5 75. Kf3 Kf6 76. Kg2 Ke6 77. Rc8 Ke5 78. Kf3 Kd4 79. Kg2 Rb1 80. Rd8+ Ke3 81. Re8+ Kd2 82. Rd8+ Kc1 83. Rd5 c2 84. Rxf5 Kd2 85. Rc5 c1Q 86. Rxc1 Rxc1 87. Kf3 Rc4 0-1

[Event "Chigorin Memorial 23rd"]
[Site "St Petersburg"]
[Date "2015.10.09"]
[Round "7"]
[White "Litvinov, Maxim"]
[Black "Opanasenko, Mikhail"]
[Result "1/2-1/2"]
[WhiteElo "2397"]
[BlackElo "2153"]
[PlyCount "59"]
[EventDate "2015.10.03"]
[EventType "swiss"]
[EventRounds "9"]
[EventCountry "RUS"]
[SourceTitle "CBM 168 Extra"]
[Source "ChessBase"]
[SourceDate "2015.10.29"]
[SourceVersion "1"]
[SourceVersionDate "2015.10.29"]
[SourceQuality "1"]

1. e4 e6 2. d3 c5 3. Nf3 Nc6 4. g3 Nge7 5. Bg2 g6 6. 0-0 Bg7 7. c3 e5 8. Be3 d6 9. d4 exd4 10. cxd4 Qb6 11. Nc3 Qxb2 12. Qd3 Nb4 13. Qd2 Qxd2 14. Bxd2 Nc2 15. Rac1 Nxd4 16. Nxd4 cxd4 17. Nb5 0-0 18. Rc7 Nc6 19. Nxd6 Be5 20. Bf4 Rd8 21. Bxe5 Nxe5 22. Nxb7 Bxb7 23. Rxb7 d3 24. Rb5 Nc4 25. Rd1 Rac8 26. Bf3 Nb6 27. Rb2 Nc4 28. Rb5 Nb6 29. Rb2 Nc4 30. Rb5 1/2-1/2

[Event "Chigorin Memorial 23rd"]
[Site "St Petersburg"]
[Date "2015.10.07"]
[Round "5"]
[White "Siva, Mahadevan"]
[Black "Opanasenko, Mikhail"]
[Result "1-0"]
[WhiteElo "2392"]
[BlackElo "2153"]
[PlyCount "93"]
[EventDate "2015.10.03"]
[EventType "swiss"]
[EventRounds "9"]
[EventCountry "RUS"]
[SourceTitle "CBM 168 Extra"]
[Source "ChessBase"]
[SourceDate "2015.10.29"]
[SourceVersion "1"]
[SourceVersionDate "2015.10.29"]
[SourceQuality "1"]

1. e4 e6 2. d4 d5 3. Nd2 Nf6 4. e5 Nfd7 5. c3 c5 6. Bd3 Nc6 7. Ngf3 Be7 8. 0-0 g5 9. dxc5 g4 10. Nd4 Ndxe5 11. Bb5 Bd7 12. N2b3 h5 13. Re1 Nxd4 14. Bxd7+ Qxd7 15. cxd4 Nc6 16. Bf4 0-0-0 17. a4 Rdg8 18. a5 a6 19. Nc1 Bd8 20. Qd2 Bc7 21. Bxc7 Qxc7 22. b4 Na7 23. Ne2 h4 24. Nc3 Qc6 25. b5 axb5 26. a6 bxa6 27. Ra5 h3 28. g3 Kb7 29. Rea1 e5 30. Rxa6 Qxa6 31. Rxa6 Kxa6 32. Qa2+ Kb7 33. Qxd5+ Ka6 34. Qa2+ Kb7 35. Qxf7+ Kb8 36. c6 Nxc6 37. Nxb5 Rc8 38. d5 Rhf8 39. Qh7 Ne7 40. Qb1 Nxd5 41. Nc3+ Kc7 42. Nxd5+ Kd6 43. Ne3 Rf7 44. Qb4+ Rc5 45. Qb6+ Rc6 46. Nc4+ Kd5 47. Qxc6+ 1-0

[Event "RUS-chT U18"]
[Site "St Petersburg"]
[Date "2015.08.05"]
[Round "5.22"]
[White "Opanasenko, Mikhail"]
[Black "Maslov, Ivan"]
[Result "0-1"]
[WhiteElo "2043"]
[BlackElo "2264"]
[PlyCount "134"]
[EventDate "2015.08.01"]
[EventType "team-swiss"]
[EventRounds "9"]
[EventCountry "RUS"]
[SourceTitle "CBM 167 Extra"]
[Source "ChessBase"]
[SourceDate "2015.09.14"]
[SourceVersion "1"]
[SourceVersionDate "2015.09.14"]
[SourceQuality "1"]
[WhiteTeam "St Petersburg Anichkov Palace"]
[BlackTeam "Moscow Palace Youth"]
[WhiteTeamCountry "RUS"]
[BlackTeamCountry "RUS"]

1. d4 Nf6 2. c4 g6 3. Nc3 d5 4. e3 Bg7 5. Qb3 c6 6. Nf3 0-0 7. Be2 Qb6 8. Qxb6 axb6 9. cxd5 Nxd5 10. Nxd5 cxd5 11. 0-0 Nc6 12. Bd2 Bf5 13. Rfc1 Rfc8 14. Ne1 e5 15. dxe5 Bxe5 16. Bc3 d4 17. exd4 Nxd4 18. Bf1 Re8 19. f3 Ne2+ 20. Bxe2 Bxc3 21. Rxc3 Rxe2 22. Rb3 Rae8 23. Kf1 b5 24. g4 Bd7 25. Ng2 Rd2 26. Re1 Rxe1+ 27. Nxe1 Rxh2 28. Ng2 Be6 29. Ra3 Rh1+ 30. Kf2 Ra1 31. b3 b4 32. Ra4 Bxb3 33. Rxb4 Rxa2+ 34. Kg3 Bd5 35. Nf4 Bc6 36. Rb3 Kg7 37. g5 Ra5 38. Kg4 Bd7+ 39. Kh4 Rf5 40. Ne2 Bc6 41. Kg4 Rb5 42. Rc3 Bd5 43. Nf4 Bc6 44. Nd3 h6 45. gxh6+ Kxh6 46. f4 Bd5 47. Ne5 Rb3 48. Rxb3 Bxb3 49. f5 Kg7 50. fxg6 fxg6 51. Kg5 Bc2 52. Nf3 b5 53. Nd4 Bd3 54. Nc6 Be4 55. Nb4 Kf7 56. Kf4 Bb7 57. Ke5 Ke7 58. Nd3 Bf3 59. Kf4 Be2 60. Nb4 Ke6 61. Kg5 Bh5 62. Na6 Kd5 63. Nb4+ Kc4 64. Nc6 b4 65. Kf4 b3 66. Ke3 b2 67. Ne5+ Kd5 0-1

[Event "Chigorin Memorial 22nd"]
[Site "St Petersburg"]
[Date "2014.10.19"]
[Round "2"]
[White "Opanasenko, Mikhail"]
[Black "Akhmetshin, Aydar"]
[Result "1-0"]
[WhiteElo "2048"]
[BlackElo "1609"]
[PlyCount "39"]
[EventDate "2014.10.18"]
[EventType "swiss"]
[EventRounds "9"]
[EventCountry "RUS"]
[SourceTitle "EXT 2015"]
[Source "ChessBase"]
[SourceDate "2014.11.20"]
[SourceVersion "1"]
[SourceVersionDate "2014.11.20"]
[SourceQuality "1"]

1. d4 Nf6 2. c4 c5 3. d5 b5 4. a4 bxc4 5. Nc3 g6 6. e4 d6 7. Bxc4 Nbd7 8. f4 Bg7 9. a5 0-0 10. Nf3 Re8 11. 0-0 e6 12. dxe6 fxe6 13. Qxd6 Bf8 14. Qc6 Rb8 15. Bxe6+ Kh8 16. Ng5 Kg7 17. e5 Nh5 18. Rd1 Rb7 19. Bc4 Qe7 20. Nd5 1-0

[Event "Chigorin Memorial 22nd"]
[Site "St Petersburg"]
[Date "2014.10.18"]
[Round "1"]
[White "Hayrapetyan, Hovik"]
[Black "Opanasenko, Mikhail"]
[Result "1-0"]
[WhiteElo "2426"]
[BlackElo "2048"]
[PlyCount "111"]
[EventDate "2014.10.18"]
[EventType "swiss"]
[EventRounds "9"]
[EventCountry "RUS"]
[SourceTitle "EXT 2015"]
[Source "ChessBase"]
[SourceDate "2014.11.20"]
[SourceVersion "1"]
[SourceVersionDate "2014.11.20"]
[SourceQuality "1"]

1. d4 e6 2. c4 Nf6 3. Nc3 Bb4 4. Qc2 0-0 5. a3 Bxc3+ 6. Qxc3 Ne4 7. Qc2 f5 8. Nf3 b6 9. g3 Bb7 10. Bg2 Nf6 11. 0-0 d6 12. d5 exd5 13. Nd4 Rf7 14. Nxf5 Qd7 15. Ne3 c6 16. cxd5 Nxd5 17. Nxd5 cxd5 18. Be3 Na6 19. Rad1 Nc7 20. Rd4 Re8 21. Rh4 g6 22. Bd4 Qf5 23. Qd2 Qe6 24. Qh6 Nb5 25. e3 Nxd4 26. Rxd4 Ref8 27. Qg5 Qe5 28. Qg4 Ba6 29. Bxd5 Bxf1 30. Kxf1 Qxe3 31. Qf4 Qxf4 32. Rxf4 Kg7 33. Bxf7 Rxf7 34. Rxf7+ Kxf7 35. f4 Ke6 36. Ke2 Kd5 37. Kd3 a6 38. g4 h6 39. h3 b5 40. b3 h5 41. Ke3 hxg4 42. hxg4 a5 43. Kd3 Kc5 44. b4+ axb4 45. axb4+ Kd5 46. Ke3 Kc4 47. f5 gxf5 48. gxf5 Kc3 49. f6 d5 50. f7 d4+ 51. Ke4 d3 52. f8Q d2 53. Qc5+ Kb2 54. Qf2 Kc1 55. Kd3 d1Q+ 56. Kc3 1-0

[Event "St Petersburg Rapid final"]
[Site "St Petersburg"]
[Date "2014.09.27"]
[Round "1.2"]
[White "Alekseev, Evgeny V"]
[Black "Opanasenko, Mikhail"]
[Result "1/2-1/2"]
[WhiteElo "2675"]
[BlackElo "2048"]
[PlyCount "91"]
[EventDate "2014.09.27"]
[EventType "k.o. (rapid)"]
[EventRounds "5"]
[EventCountry "RUS"]
[SourceTitle "CBM 162 Extra"]
[Source "ChessBase"]
[SourceDate "2014.10.17"]
[SourceVersion "1"]
[SourceVersionDate "2014.10.17"]
[SourceQuality "1"]

1. e4 e6 2. d4 d5 3. Nc3 Bb4 4. exd5 exd5 5. Bd3 c6 6. Nge2 Ne7 7. Ng3 0-0 8. 0-0 Nd7 9. Bg5 f6 10. Bd2 Re8 11. Re1 Nf8 12. Qh5 Bd7 13. Rad1 Bd6 14. Nce2 Neg6 15. Nf5 Bc7 16. Qf3 Bxf5 17. Qxf5 Qd6 18. g3 Re7 19. c3 Rae8 20. Nc1 Rxe1+ 21. Rxe1 Rxe1+ 22. Bxe1 Qe6 23. Bd2 Qxf5 24. Bxf5 Ne7 25. Bd3 Kf7 26. b4 g6 27. Nb3 Ne6 28. a4 Ke8 29. Kg2 Nc8 30. h4 Nd6 31. f3 Nc4 32. Bc1 f5 33. Kf2 Kf7 34. Nd2 Nxd2 35. Bxd2 a6 36. g4 fxg4 37. fxg4 Bf4 38. Bxf4 Nxf4 39. Bc2 Ne6 40. Kf3 b5 41. a5 Kf6 42. g5+ Kf7 43. Bd3 Kg7 44. Bf1 Kf7 45. Bh3 Ke7 46. Ke3 1/2-1/2

[Event "RUS-chT U20"]
[Site "Kolomna"]
[Date "2014.08.08"]
[Round "7"]
[White "Opanasenko, Mikhail"]
[Black "Maslov, Ivan"]
[Result "1-0"]
[WhiteElo "2022"]
[BlackElo "2202"]
[PlyCount "91"]
[EventDate "2014.08.02"]
[EventType "swiss"]
[EventRounds "9"]
[EventCountry "RUS"]
[SourceTitle "EXT 2016"]
[Source "ChessBase"]
[SourceDate "2015.10.08"]
[SourceVersion "1"]
[SourceVersionDate "2015.10.08"]
[SourceQuality "1"]

1. d4 d5 2. c4 e5 3. e3 Nd7 4. Nc3 g6 5. Bd3 Bg7 6. Nge2 Ne7 7. 0-0 0-0 8. Rb1 exd4 9. exd4 c5 10. Bc2 Nb6 11. b3 Nf5 12. Bxf5 Bxf5 13. Rb2 Qh4 14. Be3 Rfe8 15. Rd2 Bg4 16. Qc2 cxd4 17. Nxd4 Be5 18. f4 Bg7 19. Bf2 Qh6 20. Ndb5 Bf5 21. Qc1 Red8 22. Nd6 Be6 23. Nxb7 Rdc8 24. Nd6 Rc6 25. Nce4 Nd7 26. Ng5 Nf8 27. Be3 Bf6 28. Nde4 Be7 29. Ng3 f5 30. Nf3 Bb4 31. Rd3 Ra6 32. Qc2 Re8 33. Ne5 Qg7 34. Rfd1 Qc7 35. Kh1 Bd6 36. Bd4 Rc8 37. Ne2 g5 38. Nc3 Ra5 39. Qe2 a6 40. Qh5 Qe7 41. Bb6 Bxe5 42. Bxa5 Bxf4 43. Nxd5 Bxd5 44. Rxd5 Rc6 45. Qf3 Rf6 46. Bd8 1-0

[Event "RUS-chT U20"]
[Site "Kolomna"]
[Date "2014.08.06"]
[Round "5"]
[White "Opanasenko, Mikhail"]
[Black "Usmanov, Vasily"]
[Result "0-1"]
[WhiteElo "2022"]
[BlackElo "2431"]
[PlyCount "120"]
[EventDate "2014.08.02"]
[EventType "swiss"]
[EventRounds "9"]
[EventCountry "RUS"]
[SourceTitle "EXT 2016"]
[Source "ChessBase"]
[SourceDate "2015.10.08"]
[SourceVersion "1"]
[SourceVersionDate "2015.10.08"]
[SourceQuality "1"]

1. d4 Nf6 2. c4 e6 3. Nc3 Bb4 4. Qc2 0-0 5. a3 Bxc3+ 6. Qxc3 b6 7. Nf3 Bb7 8. g3 d5 9. Bg2 dxc4 10. Qxc4 Bd5 11. Qc2 Nc6 12. Qd1 Rc8 13. e3 Na5 14. b4 Nc4 15. 0-0 Ne4 16. Nd2 Nexd2 17. Bxd2 Bxg2 18. Kxg2 Qd5+ 19. Kg1 e5 20. Bc3 e4 21. a4 a6 22. Qe2 Rfe8 23. Rfb1 c6 24. Be1 Re6 25. Rc1 b5 26. Rxc4 bxc4 27. Rc1 Qf5 28. Rxc4 Rh6 29. h4 Qh5 30. Qxh5 Rxh5 31. Kg2 Rd5 32. Kf1 h5 33. Ke2 Kf8 34. Bc3 Ke7 35. Be1 Kd7 36. Rc1 Rf5 37. Rc2 f6 38. Kf1 g5 39. f4 gxh4 40. gxh4 Rg8 41. Bf2 a5 42. Rc4 axb4 43. Rxb4 Ra5 44. Be1 Ke6 45. Rc4 Kd5 46. Rxc6 Kxc6 47. Bxa5 Ra8 48. Bc3 Kd5 49. a5 Kc4 50. Be1 Kd3 51. Kf2 f5 52. Bb4 Rb8 53. Bc5 Rb2+ 54. Kg3 Ke2 55. a6 Kf1 56. a7 Ra2 57. d5 Kg1 58. a8Q Rxa8 59. Kh3 Ra2 60. Bb4 Rh2+ 0-1

[Event "Chigorin Memorial 21st"]
[Site "St Petersburg"]
[Date "2013.10.10"]
[Round "6"]
[White "Rozanov, Pavel B"]
[Black "Opanasenko, Mikhail"]
[Result "1-0"]
[WhiteElo "2309"]
[BlackElo "2009"]
[PlyCount "100"]
[EventDate "2013.10.05"]
[EventType "swiss"]
[EventRounds "9"]
[EventCountry "RUS"]
[SourceTitle "CBM 156 Extra"]
[Source "ChessBase"]
[SourceDate "2013.10.22"]
[SourceVersion "1"]
[SourceVersionDate "2013.10.22"]
[SourceQuality "1"]

1. d4 Nf6 2. Nf3 e6 3. c4 b6 4. Nc3 Bb4 5. Qc2 Bb7 6. a3 Bxc3+ 7. Qxc3 Ne4 8. Qc2 f5 9. g3 0-0 10. Bg2 Qc8 11. 0-0 d6 12. Rd1 Nd7 13. d5 e5 14. Nh4 Qe8 15. f3 Nef6 16. Nxf5 g6 17. Nh6+ Kg7 18. Bh3 Bc8 19. Bg5 Nc5 20. Bxc8 Rxc8 21. Bxf6+ Rxf6 22. Ng4 Rf8 23. b4 Nd7 24. Qc3 Qe7 25. Rf1 Rce8 26. Kg2 h5 27. Nf2 Nf6 28. Rac1 Kh7 29. Nh3 Nd7 30. Qd2 Rf5 31. e4 Rf6 32. Ng5+ Kg8 33. h4 Nf8 34. c5 bxc5 35. bxc5 dxc5 36. Qa5 Rb8 37. Rf2 Rfb6 38. Qxc5 Qxc5 39. Rxc5 R8b7 40. Rfc2 Ra6 41. Rxc7 Rxc7 42. Rxc7 Rxa3 43. Nf7 a5 44. Nxe5 Ra2+ 45. Kh3 a4 46. Ra7 a3 47. Nc4 Rf2 48. Rxa3 Nd7 49. e5 Nc5 50. e6 Rd2 1-0

[Event "Chigorin Memorial 21st"]
[Site "St Petersburg"]
[Date "2013.10.09"]
[Round "5"]
[White "Opanasenko, Mikhail"]
[Black "Blank, David"]
[Result "1-0"]
[WhiteElo "2009"]
[BlackElo "1818"]
[PlyCount "41"]
[EventDate "2013.10.05"]
[EventType "swiss"]
[EventRounds "9"]
[EventCountry "RUS"]
[SourceTitle "CBM 156 Extra"]
[Source "ChessBase"]
[SourceDate "2013.10.22"]
[SourceVersion "1"]
[SourceVersionDate "2013.10.22"]
[SourceQuality "1"]

1. e4 e5 2. Nf3 Nf6 3. d4 Nxe4 4. Bd3 d5 5. Nxe5 Bd6 6. 0-0 0-0 7. Re1 Re8 8. c4 Nf6 9. Bg5 dxc4 10. Bxc4 Be6 11. Bxe6 Rxe6 12. Nc3 h6 13. Qb3 Bxe5 14. dxe5 hxg5 15. exf6 Rb6 16. Rad1 Qf8 17. fxg7 Kxg7 18. Qc2 Na6 19. Nd5 Rc6 20. Qf5 f6 21. Re7+ 1-0

[Event "Chigorin Memorial 21st"]
[Site "St Petersburg"]
[Date "2013.10.07"]
[Round "3"]
[White "Pashinsky, Mikhail"]
[Black "Opanasenko, Mikhail"]
[Result "1-0"]
[WhiteElo "2273"]
[BlackElo "2009"]
[PlyCount "119"]
[EventDate "2013.10.05"]
[EventType "swiss"]
[EventRounds "9"]
[EventCountry "RUS"]
[SourceTitle "CBM 156 Extra"]
[Source "ChessBase"]
[SourceDate "2013.10.22"]
[SourceVersion "1"]
[SourceVersionDate "2013.10.22"]
[SourceQuality "1"]

1. c4 e5 2. g3 c6 3. d4 exd4 4. Qxd4 Nf6 5. Nc3 Be7 6. Bg2 0-0 7. Nf3 d6 8. Bf4 Na6 9. Rd1 d5 10. cxd5 Nb4 11. 0-0 Nbxd5 12. Be5 Nxc3 13. Qxc3 Qb6 14. b3 Bf5 15. Nd4 Bg6 16. g4 h6 17. Nf5 Bxf5 18. gxf5 Rad8 19. Bd4 Qa6 20. Qb2 c5 21. Bc3 b5 22. e4 b4 23. Be5 c4 24. bxc4 Qxc4 25. Rc1 Qd3 26. Rfe1 Rfe8 27. Bf1 Qd2 28. Bb5 Rf8 29. Re2 Qxb2 30. Rxb2 Rc8 31. Rxc8 Rxc8 32. Kg2 a5 33. f4 Rc7 34. Kf3 Rc5 35. Ba4 Rc7 36. Rd2 Rc5 37. Bd4 Rc8 38. Bb2 Rc5 39. h3 Kf8 40. Bb3 Rc7 41. Be5 Rc8 42. Bb2 Rc7 43. Ba4 Rc5 44. Ke3 Kg8 45. Rd3 Kf8 46. Rd1 Kg8 47. Rc1 Rxc1 48. Bxc1 Bc5+ 49. Kd3 Bb6 50. Bc6 Kf8 51. Kc4 Ke7 52. Kb5 Bc7 53. Be3 Nh5 54. e5 Ng3 55. Bc5+ Kd8 56. f6 gxf6 57. exf6 Nh5 58. Be7+ Kc8 59. Be8 Bd8 60. Bxf7 1-0

[Event "St Petersburg-ch sf"]
[Site "St Petersburg"]
[Date "2013.02.02"]
[Round "8"]
[White "Opanasenko, Mikhail"]
[Black "Golovankov, Vladimir"]
[Result "1/2-1/2"]
[WhiteElo "2013"]
[BlackElo "2235"]
[PlyCount "51"]
[EventDate "2013.01.26"]
[EventType "swiss"]
[EventRounds "9"]
[EventCountry "RUS"]
[SourceTitle "CBM 152 Extra"]
[Source "ChessBase"]
[SourceDate "2013.02.25"]
[SourceVersion "1"]
[SourceVersionDate "2013.02.25"]
[SourceQuality "1"]

1. e4 c5 2. Nf3 g6 3. d4 Bg7 4. dxc5 Qa5+ 5. Nc3 Nf6 6. Bd3 Na6 7. Bxa6 bxa6 8. Qd4 Nh5 9. e5 f6 10. g4 Bb7 11. Qe3 fxe5 12. gxh5 0-0 13. Rg1 Rxf3 14. Qe2 Raf8 15. Be3 Bd5 16. hxg6 hxg6 17. Qd2 Bf7 18. 0-0-0 Rb8 19. a3 Kh7 20. Rg3 e4 21. Rxf3 exf3 22. Bd4 Bh6 23. Be3 Bg7 24. Bd4 Bh6 25. Be3 Bg7 26. Bd4 1/2-1/2

[Event "St Petersburg-ch sf"]
[Site "St Petersburg"]
[Date "2013.01.30"]
[Round "5"]
[White "Opanasenko, Mikhail"]
[Black "Lagashin, Pavel"]
[Result "0-1"]
[WhiteElo "2013"]
[BlackElo "2086"]
[PlyCount "76"]
[EventDate "2013.01.26"]
[EventType "swiss"]
[EventRounds "9"]
[EventCountry "RUS"]
[SourceTitle "CBM 152 Extra"]
[Source "ChessBase"]
[SourceDate "2013.02.25"]
[SourceVersion "1"]
[SourceVersionDate "2013.02.25"]
[SourceQuality "1"]

1. e4 c5 2. Nf3 e6 3. d4 cxd4 4. Nxd4 Nc6 5. Nc3 Qc7 6. f4 a6 7. Be3 Nxd4 8. Qxd4 b5 9. Bd3 Ne7 10. 0-0-0 Nc6 11. Qb6 Qxb6 12. Bxb6 Bb7 13. a4 b4 14. Ne2 Be7 15. Bc4 g5 16. f5 Ne5 17. Bd4 Nxc4 18. Bxh8 Bxe4 19. fxe6 dxe6 20. Ng3 Bxg2 21. Rhg1 Bd5 22. Nf5 f6 23. Rge1 Ne5 24. h4 Kf7 25. Nxe7 Kxe7 26. Bg7 Kf7 27. Bh6 Nf3 28. Rf1 Kg6 29. hxg5 fxg5 30. Rh1 Ne5 31. Rh3 Nf7 32. Bxg5 Nxg5 33. Rh4 a5 34. Rg1 h6 35. Rh2 Rf8 36. c3 bxc3 37. bxc3 Rf4 38. Kb1 Rxa4 0-1

[Event "St Petersburg-ch sf"]
[Site "St Petersburg"]
[Date "2013.01.26"]
[Round "1"]
[White "Opanasenko, Mikhail"]
[Black "Ganichev, Alexander"]
[Result "1/2-1/2"]
[WhiteElo "2013"]
[BlackElo "2256"]
[PlyCount "69"]
[EventDate "2013.01.26"]
[EventType "swiss"]
[EventRounds "9"]
[EventCountry "RUS"]
[SourceTitle "CBM 152 Extra"]
[Source "ChessBase"]
[SourceDate "2013.02.25"]
[SourceVersion "1"]
[SourceVersionDate "2013.02.25"]
[SourceQuality "1"]

1. e4 c5 2. Nf3 e6 3. d4 cxd4 4. Nxd4 Nc6 5. Nc3 d6 6. Be3 Nf6 7. Be2 Be7 8. 0-0 0-0 9. f4 Qc7 10. Kh1 a6 11. Bf3 Na5 12. Bg1 Rb8 13. Qe1 b5 14. a3 Bb7 15. a4 b4 16. Na2 d5 17. e5 Ne4 18. Nxb4 Bxb4 19. Qxb4 Ba8 20. Qe1 Rxb2 21. Bxe4 dxe4 22. Ra3 Bd5 23. Rh3 Nc6 24. Qh4 h6 25. Rg3 Kh7 26. c3 Nxd4 27. Bxd4 e3 28. f5 exf5 29. Rxg7+ Kxg7 30. Qf6+ Kh7 31. Qxf5+ Kg8 32. Qg4+ Kh7 33. Qf5+ Kg8 34. Qg4+ Kh7 35. Qf5+ 1/2-1/2

[Event "Chigorin Memorial 20th"]
[Site "St Petersburg"]
[Date "2012.10.31"]
[Round "5"]
[White "Fomichenko, Svetlana"]
[Black "Opanasenko, Mikhail"]
[Result "1/2-1/2"]
[WhiteElo "2256"]
[BlackElo "2011"]
[PlyCount "96"]
[EventDate "2012.10.27"]
[EventType "swiss"]
[EventRounds "9"]
[EventCountry "RUS"]
[SourceTitle "EXT 2013"]
[Source "ChessBase"]
[SourceDate "2012.11.22"]
[SourceVersion "1"]
[SourceVersionDate "2012.11.22"]
[SourceQuality "1"]

1. e4 e6 2. d4 d5 3. Nc3 Bb4 4. e5 c5 5. a3 Bxc3+ 6. bxc3 Ne7 7. Qg4 cxd4 8. Ne2 Qc7 9. cxd4 Qxc2 10. Qxg7 Rg8 11. Qh6 Nbc6 12. Bd2 Nxd4 13. Nxd4 Qb2 14. Bb5+ Bd7 15. Bxd7+ Kxd7 16. Nb3 Qxb3 17. 0-0 Qc4 18. g3 Qd4 19. Rab1 b6 20. Bb4 Nf5 21. Qf6 Rg7 22. Rbd1 Qg4 23. f3 Qg5 24. Qxg5 Rxg5 25. Kf2 Rgg8 26. g4 Ne7 27. Ke3 Nc6 28. Bc3 Rac8 29. h3 Ne7 30. Bd4 Rc4 31. f4 Rgc8 32. f5 Ra4 33. fxe6+ fxe6 34. Rd3 h5 35. Rf7 hxg4 36. hxg4 Rg8 37. Kf3 Kd8 38. Rf4 b5 39. Bb2 Rxf4+ 40. Kxf4 Ng6+ 41. Kg3 Kd7 42. Re3 Rc8 43. Bc3 Rc4 44. Bb4 Re4 45. Rxe4 dxe4 46. g5 Ke8 47. Bd6 a5 48. Kf2 b4 1/2-1/2

[Event "Chigorin Memorial 20th"]
[Site "St Petersburg"]
[Date "2012.10.28"]
[Round "2"]
[White "Arslanov, Shamil"]
[Black "Opanasenko, Mikhail"]
[Result "1-0"]
[WhiteElo "2421"]
[BlackElo "2011"]
[PlyCount "69"]
[EventDate "2012.10.27"]
[EventType "swiss"]
[EventRounds "9"]
[EventCountry "RUS"]
[SourceTitle "EXT 2013"]
[Source "ChessBase"]
[SourceDate "2012.11.22"]
[SourceVersion "1"]
[SourceVersionDate "2012.11.22"]
[SourceQuality "1"]

1. e4 e6 2. d4 d5 3. Nc3 Bb4 4. e5 c5 5. a3 Bxc3+ 6. bxc3 Ne7 7. Qg4 cxd4 8. Qxg7 Rg8 9. Qxh7 Qc7 10. Ne2 Nbc6 11. f4 Bd7 12. Qd3 dxc3 13. Rb1 d4 14. Nxd4 Nxd4 15. Qxd4 Nf5 16. Qf2 Bc6 17. Rg1 Qa5 18. g4 Ne7 19. h4 0-0-0 20. h5 Rd7 21. Rg3 Rgd8 22. Bd3 b6 23. Rb4 Kb8 24. h6 Ng6 25. h7 Qd5 26. Rh3 Bb7 27. Be3 Qa2 28. Rd4 Qb1+ 29. Ke2 Rxd4 30. Bxd4 Qc1 31. Be3 Qb1 32. Qe1 Qb2 33. Bxg6 fxg6 34. h8Q Qxc2+ 35. Qd2 1-0

[Event "St Petersburg Spring op"]
[Site "St Petersburg"]
[Date "2012.03.24"]
[Round "3"]
[White "Gavrilov, Mikhail"]
[Black "Opanasenko, Mikhail"]
[Result "1/2-1/2"]
[WhiteElo "1810"]
[BlackElo "2033"]
[PlyCount "118"]
[EventDate "2012.03.22"]
[EventType "swiss"]
[EventRounds "9"]
[EventCountry "RUS"]
[SourceTitle "EXT 2013"]
[Source "ChessBase"]
[SourceDate "2012.11.22"]
[SourceVersion "1"]
[SourceVersionDate "2012.11.22"]
[SourceQuality "1"]

1. e4 e6 2. d3 c5 3. g3 g6 4. Bg2 Bg7 5. f4 Ne7 6. Nf3 Nbc6 7. 0-0 d5 8. c3 0-0 9. e5 b6 10. d4 Ba6 11. Re1 Rc8 12. Be3 cxd4 13. Nxd4 Nxd4 14. Bxd4 Nc6 15. Bf2 Qe7 16. Na3 Rfd8 17. Nc2 Nb8 18. Nd4 Nd7 19. Rc1 Nc5 20. Re3 Qd7 21. Ra1 b5 22. b4 Na4 23. Qb3 Bb7 24. Bf1 a6 25. Rc1 Rc7 26. Re2 Rdc8 27. Rec2 g5 28. Bd3 gxf4 29. gxf4 Bh6 30. Bg3 Kh8 31. Kh1 Qe8 32. Rg1 Rxc3 33. Bh4 Bg7 34. Rxc3 Nxc3 35. Qb2 Ne4 36. Qe2 Qf8 37. Bxe4 dxe4 38. h3 Rc4 39. Rxg7 e3+ 40. Kh2 Qxg7 41. Bf6 Rxd4 42. Bxg7+ Kxg7 43. Qxe3 Rxb4 44. Qg1+ Kh8 45. Qc5 Rb2+ 46. Kg3 Kg7 47. Qe7 Bd5 48. a3 Rg2+ 49. Kh4 Rg6 50. Qb4 Rh6+ 51. Kg3 Rg6+ 52. Kf2 Rg2+ 53. Ke3 Rg3+ 54. Kd4 Rxh3 55. Qe7 Bf3 56. Qf6+ Kg8 57. Qd8+ Kg7 58. Qf6+ Kf8 59. Qd8+ Kg7 1/2-1/2